000 00620nam a22002417a 4500
001 1906
003 OSt
005 20260407030355.0
008 260407b |||||||| |||| 00| 0 eng d
020 _a9781119773511
040 _cmikki
041 _aeng
082 _a530
_bHAL
100 _aHalliday, David
245 _aFundamentals of physics /
_cby David Halliday, Robert Resnick, Jearl Walker.
250 _a12th ed
260 _aUsa:
_bJohn Wiley & Sons Inc,
_c2021.
300 _a1444p. :
_bpkb ;
_c22 cm.
650 _aPhysics
700 _aResnick, Robert
700 _a Walker , Jearl
942 _2ddc
_cBK
_n0
999 _c1906
_d1906